Los mecanismos de transmisión de la política monetaria en la Argentina (Registro nro. 15164)

Detalles MARC
000 -LEADER
fixed length control field 00350 a2200109 4500
001 - CONTROL NUMBER
control field ART_17863
005 - DATE AND TIME OF LATEST TRANSACTION
control field 20260410161701.0
008 - FIXED-LENGTH DATA ELEMENTS--GENERAL INFORMATION
fixed length control field 260409a
100 1# - MAIN ENTRY--PERSONAL NAME
Personal name Machinea, José Luis
245 10 - TITLE STATEMENT
Title Los mecanismos de transmisión de la política monetaria en la Argentina
773 0# - HOST ITEM ENTRY
Title Ensayos Económicos
Related parts - Nº 8 (dic. 1978)
Record control number REV620

No hay ítems disponibles.